Ben Gazzara Filmography - Statistics

General Stats
  • This quiz has been taken 6 times
  • The average score is 43 of 147
Answer Stats
Type Year Name % Correct
Film 1975 Capone
67%
Film 2008 Empire State Building Murders
67%
Film 1998 The Big Lebowski
67%
Film 2010 13
33%
TV Film 1964 A Carol for Another Christmas
33%
TV Film 1985 A Letter to Three Wives
33%
Film 1959 Anatomy of a Murder
33%
TV Film 1985 An Early Frost
33%
TV Film 1998 Angelo Nero
33%
Film 1984 A Proper Scandal
33%
TV Film 1982 A Question of Honor
33%
Film 1965 A Rage to Live
33%
TV Show 1959 Armchair Theatre
33%
TV Show 1963-1964 Arrest and Trial
33%
Film 1995 Banditi
33%
Film 2000 Believe
33%
Film 1990 Beyond the Ocean
33%
TV Film 1993 Blindsided
33%
Film 1979 Bloodline
33%
Film 2000 Blue Moon
33%
TV Show 1967 Bob Hope Presents the Chrysler Theatre
33%
Film 2005 Bonjour Michel
33%
TV Film 2001 Brian's Song
33%
Film 1998 Buffalo '66
33%
Theater 1955 Cat on a Hot Tin Roof
33%
Film 1986 Champagne Amer
33%
Film 2011 Chez Gino
33%
Film 2010 Christopher Roth
33%
Film 1987 Control
33%
TV Film 1994 Convict Cowboy
33%
Film 1962 Convicts 4
33%
TV Film 1961 Cry Vengeance!
33%
TV Show 1951-1954 Danger
33%
Film 2003 Dogville
33%
Film 1988 Don Bosco
33%
TV Film 2007 Donne Sbagliate
33%
TV Film 1987 Downpayment on Murder
33%
Short Film 2008 Eve
33%
Film 1997 Farmer & Chase
33%
TV Film 1994 Fatal Vows: The Alexandra O'Hara Story
33%
TV Film 1972 Fireball Forward
33%
Film 1991 Forever
33%
Film 1998 Happiness
33%
Film 1976 High Velocity
33%
TV Film 1984 Hollywood's Most Sensational Mysteries
33%
Film 2009 Holy Money
33%
Film 2001 Home Sweet Hoboken
33%
Film 1970 Husbands
33%
TV Film 2002 Hysterical Blindness
33%
Film 1969 If It's Tuesday, This Must Be Belgium
33%
Film 1998 Illuminata
33%
TV Film 1998 Il Tesoro di Damasco
33%
Film 1981 Inchon
33%
Film 1999 Jack of Hearts
33%
TV Show 1954 Justice
33%
Documentary 1970 King: A Filmed Record... Montgomery to Memphis
33%
TV Show 1965 Kraft Suspense Theatre
33%
Film 1996 Ladykiller
33%
TV Show 2001 Law & Order: Special Victims Unit
33%
TV Film 1991 Lies Before Kisses
33%
TV Mini-Series 2006 L'onore e il Rispetto
33%
Film 2008 Looking for Palladin
33%
Film 2003 L'ospite Segreto
33%
TV Film 1993 Love, Honor & Obey: The Last Mafia Marriage
33%
TV Film 1973 Maneater
33%
TV Show 1954 Medallion Theatre
33%
Film 1985 My Dearest Son
33%
Film 1994 Nefertiti, Figlia del Sole
33%
Film 1977 Opening Night
33%
Film 1999 Paradise Cove
33%
TV Film 1994 Parallel Lives
33%
Film 2006 Paris, I Love You
33%
TV Film 1990 People Like Us
33%
TV Film 2000 Piovuto dal Cielo
33%
TV Show 1957, 1958 Playhouse 90
33%
TV Film 1987 Police Story: The Freeway Killings
33%
TV Mini-Series 2005 Pope John Paul II
33%
TV Mini-Series 2013 Pupetta: Il Coraggio e la Passione
33%
TV Film 1972 Pursuit
33%
TV Mini-Series 1974 QB VII
33%
Film 1988 Quicker Than the Eye
33%
Film 2011 Ristabbànna
33%
Film 1989 Road House
33%
TV Show 1965-1968 Run for Your Life
33%
Film 1979 Saint Jack
33%
Film 2005 Schubert
33%
Film 1997 Shadow Conspiracy
33%
Film 1999 Shark in a Bottle
33%
Film 1994 Sherwood's Travels
33%
Film 1997 Stag
33%
TV Show 1996 Strangers
33%
Film 1999 Summer of Sam
33%
Film 1981 Tales of Ordinary Madness
33%
Film 1969 The Bridge at Remagen
33%
Film 1962 The Captive City
33%
TV Film 1977 The Death of Richie
33%
TV Show 1959 The DuPont Show of the Month
33%
TV Film 1972 The Family Rico
33%
Film 1982 The Girl from Trieste
33%
Film 1976 The Killing of a Chinese Bookie
33%
Film 2000 The List
33%
Film 1973 The Neptune Factor
33%
TV Film 1997 The Notorious 7
33%
Film 1960 The Passionate Thief
33%
Film 1986 The Professor
33%
Film 2005 The Shore
33%
Film 1972 The Sicilian Connection
33%
Film 1997 The Spanish Prisoner
33%
Film 1957 The Strange One
33%
Film 1999 The Thomas Crown Affair
33%
TV Film 1977 The Trial of Lee Harvey Oswald
33%
TV Show 1954 The United States Steel Hour
33%
Film 1981 They All Laughed
33%
Film 1961 The Young Doctors
33%
Film 1995 The Zone
33%
Film 1998 Too Tired to Die
33%
TV Show 1952, 1953 Treasury Men in Action
33%
TV Mini-Series 1999 Tre Stelle
33%
TV Film 1996 Una Donna in Fuga
33%
TV Film 2000 Un Bacio nel Buio
33%
Film 2000 Undertaker's Paradise
33%
Film 1998 Valentine's Day
33%
Film 2000 Very Mean Me
33%
Film 1976 Voyage of the Damned
33%
TV Film 1972 When Michael Calls
33%
Film 1985 Woman of Wonders
33%
TV Film 1973 You'll Never See Me Again
33%
Theater 1955-1957 A Hatful of Rain
0%
Theater 2006, 2010 Awake and Sing!
0%
Theater 1975 Duet
0%
Theater 1953-1954 End as a Man
0%
Theater 1959 Epitaph for George Dillon
0%
Theater 1974-1975 Hughie
0%
TV Show 1952, 1958 Kraft Theatre
0%
Film 1994 Les Hirondelles ne Meurent pas à Jerusalem
0%
Theater 1991, 1993-1994 Love Letters
0%
Theater 2003-2005 Nobody Don't Like Yogi
0%
Film 2000 Nobody's Heart
0%
Documentary Series 1994 Paleoworld
0%
TV Mini-Series 2006 Quiet Flows the Don
0%
Theater 1992 Shimada
0%
Theater 1963 Strange Interlude
0%
TV Mini-Series 1974 The American Parade
0%
Theater 1958 The Night Circus
0%
Theater 1964 Traveller Without Luggage
0%
Film 1997 Vicious Cycles
0%
Theater 1976 Who's Afraid of Virginia Woolf?
0%
No matching quizzes found
Score Distribution
Percent of People with Each Score
Percentile by Number Answered
Your Score History
You have not taken this quiz